| 000 | 00348nam a2200145Ia 4500 | ||
|---|---|---|---|
| 005 | 20251222141821.0 | ||
| 008 | 251222s9999||||xx |||||||||||||| ||spa|| | ||
| 020 | _a950-808-268-2 | ||
| 082 | _a370.156/L17 | ||
| 100 | _aLaino, Dora | ||
| 245 | 0 | _aAportes para una ClĂnica del Aprender | |
| 250 | _a2a.ed. | ||
| 264 | _bHomo Sapiens | ||
| 942 | _cLIB | ||
| 999 |
_c6802 _d6802 |
||